01864nam a2200301 4500001000400000003000400004005001700008008004100025020001800066040000800084041001300092082001500105100002600120240001600146245007800162260003500240300001100275520110800286650002501394650001801419650003001437650001501467650001301482650001001495655001201505655001601517700002901533163OSt20250528074013.0250129b |||||||g |||| 00| 1 eng d a9788599296516 bpor hengapor a813bC655n1 aCoben, Harlan,d1962- aTell no one aNão conte a ninguém /cCoben, Harlan ; Tradução de Ivo Korytowski aRio de JaneirobSextantec2009 a251 p. aHá oito anos, enquanto comemoravam o aniversário de seu primeiro beijo, o Dr. David Beck e sua esposa, Elizabeth, sofreram um terrível ataque. Ele foi golpeado e caiu no lago, inconsciente. Ela foi raptada e brutalmente assassinada por um serial killer. O caso volta à tona quando a polícia encontra dois corpos enterrados perto do local do crime, junto com o taco de beisebol usado para nocautear David. Ao mesmo tempo, o médico recebe um misterioso e-mail, que, aparentemente, só pode ter sido enviado por sua esposa. Esses novos fatos fazem ressurgir inúmeras perguntas sem respostas: Como David conseguiu sair do lago? Elizabeth está viva? E, se estiver, de quem era o corpo enterrado oito anos antes? Por que ela demorou tanto para entrar em contato com o marido? Na mira do FBI como principal suspeito da morte da esposa e caçado por um perigosíssimo assassino de aluguel, David Beck contará apenas com o apoio de sua melhor amiga, a modelo Shauna, da célebre advogada Hester Crimstein e de um traficante de drogas para descobrir toda a verdade e provar sua inocência.  0aLiteratura Americana 0aSerial Killer 0aCrime e Investigação  0aMistério 0aSuspense 0aFilme 0aRomance 0aFicção  aIvo KorytowskieTradutor